Soberanía y seguridad a partir de la revolución tecnológica

Gespeichert in:
Bibliographische Detailangaben
1. Verfasser: Contreras, Carlos (VerfasserIn)
Format: Buch
Sprache:Spanisch
Veröffentlicht: Santiago Comisión Sudamericana de Paz 1990
Schriftenreihe:Documento de Trabajo, 16
Schlagworte:
Tags: Tag hinzufügen
Keine Tags, Fügen Sie den ersten Tag hinzu!

MARC

LEADER 00000nam a2200000 a 4500
001 UCX3690
003 CL-VaPUC
008 911125e19900000CL |||||||||||||||||spa|d
082 0 4 |a 303.483  |b CON  |2 21 
100 0 |a Contreras, Carlos  |e author  |9 319873 
245 1 0 |a Soberanía y seguridad a partir de la revolución tecnológica 
300 |a 37 p 
942 |c BK 
945 |d 19911125 00:00:00  |a oaravena 
260 |a Santiago  |b Comisión Sudamericana de Paz  |c 1990 
500 |a Trabajo presentado al Seminario Los nuevos desafíos a la soberanía y la seguridad de América del Sur del 11 al 13 de Julio de 1989, Santiago, Chile, organizado por la Comisión Sudamericana de Paz 
650 7 |a DESARROLLO CIENTIFICO Y TECNOLOGICO  |2 CL-VaPUC  |9 259101 
651 0 |a América Latina   |9 255027 
583 |a last modification  |c 19911125 00:00:00  |k Rodrigo Vera 
490 0 |a Documento de Trabajo, 16 
999 |c 224376  |d 224374 
952 |0 0  |1 0  |4 0  |6 303_483000000000000_CON_1990  |7 0  |8 A  |9 220956  |a BIBHIS  |b BIBHIS  |d 2019-11-15  |i 2897113  |o 303.483 CON 1990  |p 2897113  |r 2025-01-20  |w 2019-11-15  |y BK  |k HIS 
952 |0 0  |1 0  |4 0  |6 303_483000000000000_CON_1990  |7 0  |8 A  |9 220957  |a BIBHIS  |b BIBHIS  |d 2019-11-15  |i 2977729  |o 303.483 CON 1990  |p 2977729  |r 2025-01-20  |w 2019-11-15  |y BK  |k HIS